| 000 | 00559nam a22002057a 4500 | ||
|---|---|---|---|
| 003 | OSt | ||
| 005 | 20131018111216.0 | ||
| 008 | 130425s2005 sp ||||| |||| 00| 0 spa d | ||
| 020 | _a8436819470 | ||
| 040 | _cCDMR | ||
| 100 | 1 |
_93278 _aMontero Rodríguez, Fernando |
|
| 245 | 1 | 0 |
_aMarketing de periódicos y revistas _cFernando Montero Rodríguez |
| 260 |
_aMadrid _bPirámide |
||
| 260 |
_bESIC _cDL 2005 |
||
| 300 | _a358 p. | ||
| 490 | 0 | _aMarketing Sectorial | |
| 650 | 0 | 4 |
_93396 _aMàrqueting |
| 650 | 0 | 4 |
_9311 _aEmpreses periodístiques |
| 942 |
_2udc _cMON |
||
| 999 |
_c6135 _d6135 |
||